Представление документа в формате MARC21

Поле Инд. ПП Название Значение
Тип записи a
Библиографический уровень m
001 Контрольный номер RU/LIBMSTU/313838793
005 Дата корректировки 20140923120401.1
008 Кодируемые данные 091214|||||||||ru |||||||||||000|||rus||
020 a ISBN 978-5-94652-304-2
c Цена, тираж 200-00
040 b Код языка каталог. rus
041 a Код языка текста rus
084 a Индекс другой классификации/Индекс ББК 65.291.216+65.305.73
090 a Полочн. индекс 65.291.21
x Авторский знак М 30
100 1_ a Автор Марченко И. С.
245 10 a Заглавие Совершенствование управления бизнес-процессами коммерческих организаций (на примере предприятий пищевой промышленности)
b Продолж. заглавия монография
260 a Место издания Санкт-Петербург
b Издательство Инфо-да
c Дата издания 2009
300 a Объем 178, [1] с.
b Иллюстрации/ тип воспроизводства ил.
504 a Библиография Библиогр.: с. 166-176
650 a Основная рубрика Пищевая промышленность-Управление-Бизнес
650 14 a Основная рубрика Коммерческие организации
653 a Ключевые слова Бизнес-процессы
a Ключевые слова Моделирование
a Ключевые слова Организации коммерческие
a Ключевые слова Пищевая промышленность
a Ключевые слова Управление
a Ключевые слова Эффективность процесса
a Ключевые слова Монографии
653 1_ a Ключевые слова Организации коммерческие
901 t Тип документа m
952 c Вид литературы монография